Principios de política económica : (Registro nro. 8720)
[ vista simple ]
| 000 -LEADER | |
|---|---|
| fixed length control field | 02493nam a2200301Ia 4500 |
| 003 - CONTROL NUMBER IDENTIFIER | |
| control field | OSt |
| 005 - DATE AND TIME OF LATEST TRANSACTION | |
| control field | 20211104103050.0 |
| 008 - FIXED-LENGTH DATA ELEMENTS--GENERAL INFORMATION | |
| fixed length control field | 210310t2014 ck ad fr 000 0dspa d |
| 020 ## - INTERNATIONAL STANDARD BOOK NUMBER | |
| International Standard Book Number | 9788496477339 |
| 040 ## - CATALOGING SOURCE | |
| Original cataloging agency | CO-JMCR |
| Transcribing agency | CO-JMCR |
| 041 0# - LANGUAGE CODE | |
| Language code of text/sound track or separate title | spa |
| 082 04 - DEWEY DECIMAL CLASSIFICATION NUMBER | |
| Classification number | 338.9 / |
| Item number | F365p |
| Edition number | 23 |
| 100 1# - MAIN ENTRY--PERSONAL NAME | |
| Personal name | Fernández Arufe, Josefa Eugenia, |
| 9 (RLIN) | 18089 |
| Relator term | coordinadora |
| 245 10 - TITLE STATEMENT | |
| Title | Principios de política económica : |
| Remainder of title | ejercicios de test y cuestiones resueltas / |
| Statement of responsibility, etc. | Josefa Eugenia Fernández Arufe, coordinadora ; Milagros García Crespo, José Vallés Ferrer, Olga Ogando Canabal [y 4 más] |
| 250 ## - EDITION STATEMENT | |
| Edition statement | Primera edición |
| 260 ## - PUBLICATION, DISTRIBUTION, ETC. | |
| Place of publication, distribution, etc. | Bogotá : |
| Name of publisher, distributor, etc. | Delta publicaciones, |
| Date of publication, distribution, etc. | ©2014 |
| 300 ## - PHYSICAL DESCRIPTION | |
| Extent | xxxix, 376 páginas : |
| Other physical details | ilustraciones y gráficas a blanco y negro ; |
| Dimensions | 24 cm. |
| 500 ## - GENERAL NOTE | |
| General note | Incluye datos biográficos de los autores y notas a pie de página. |
| 504 ## - BIBLIOGRAPHY, ETC. NOTE | |
| Bibliography, etc. note | Bibliografía al final de algunos capítulos. |
| 505 0# - FORMATTED CONTENTS NOTE | |
| Formatted contents note | Bases conceptuales, esquema fines-medios y procesos de elaboración de la Política económica -- Los objetivos de la Política económica -- Políticas instrumentales de estabilización y de ajuste estructural -- Soluciones. Preguntas de test y cuestiones teórico-prácticas |
| 520 0# - SUMMARY, ETC. | |
| Summary, etc. | Cuando se desea abordar, desde una perspectiva teórica, el estudio de la Política Económica, existen diversos manuales a los que se puede recurrir, pero no sucede lo mismo si buscamos un enfoque práctico. El objetivo principal de este libro es el de introducir a los estudiantes de las licenciaturas de Economía, y Administración y Dirección de Empresas (aunque no exclusivamente) en los contenidos prácticos de la Política Económica. Proporciona los conocimientos necesarios para que puedan analizar, con la mayor precisión posible, el mundo complejo que les rodea y en el que, inevitablemente, a lo largo de su vida profesional, deberán adoptar sus decisiones Pretende fomentar la capacidad de razonamiento," a través de la resolución de ejercicios de test y de cuestiones teórico-prácticas, cuyas soluciones se presentan comentadas Su contenido es, por tanto, eminentemente práctico, U aunque cada capitulo incluya un resumen teórico sobre la materia que trata. |
| 650 14 - SUBJECT ADDED ENTRY--TOPICAL TERM | |
| Topical term or geographic name entry element | Política económica |
| 9 (RLIN) | 18091 |
| 650 24 - SUBJECT ADDED ENTRY--TOPICAL TERM | |
| Topical term or geographic name entry element | Política económica |
| General subdivision | Problemas y ejercicios |
| 9 (RLIN) | 41408 |
| 700 1# - ADDED ENTRY--PERSONAL NAME | |
| Personal name | García Crespo, Milagros, |
| Relator term | autor |
| 9 (RLIN) | 41409 |
| 700 1# - ADDED ENTRY--PERSONAL NAME | |
| Personal name | Vallés Ferrer, José, |
| Relator term | autor |
| 9 (RLIN) | 41410 |
| 700 1# - ADDED ENTRY--PERSONAL NAME | |
| Personal name | Ogando Canabal, Olga, |
| Relator term | autor |
| 9 (RLIN) | 41411 |
| 942 ## - ADDED ENTRY ELEMENTS (KOHA) | |
| Source of classification or shelving scheme | Dewey Decimal Classification |
| Koha item type | Books |
| Withdrawn status | Lost status | Source of classification or shelving scheme | Damaged status | Not for loan | Collection code | Home library | Current library | Date acquired | Source of acquisition | Full call number | Barcode | Date last seen | Copy number | Koha item type |
|---|---|---|---|---|---|---|---|---|---|---|---|---|---|---|
| Dewey Decimal Classification | Non-fiction | Biblioteca Pública José María del Castillo y Rada | Biblioteca Pública José María del Castillo y Rada | 04/15/2018 | Donación | 338.9 / F365p | 430000248 | 05/16/2024 | Ej.1 | Books |